000
00298nam a2200133Ia 4500
008
191201s1984 xx 000 0 und d
082
_a
530.14
100
_a
NATH,P
245
0
_a
Applied n-1 supergravity
260
_b
Scientific world
_c
1984
300
_a
116
650
_a
Applied
942
_2
ddc
_c
BK
999
_c
570
_d
570